Normal view
MARC view
- Brown, Callum G.,
Entry Personal Name
001 - CONTROL NUMBER
- control field: 11388
003 - CONTROL NUMBER IDENTIFIER
- control field: NUST
005 - DATE AND TIME OF LATEST TRANSACTION
- control field: 20180702105542.0
008 - FIXED-LENGTH DATA ELEMENTS
- fixed length control field: 180702|| aca||aabn | a|a d
040 ## - CATALOGING SOURCE
- Original cataloging agency: NUST
- Transcribing agency: NUST
100 ## - HEADING--PERSONAL NAME
- Personal name: Brown, Callum G.,
- Dates associated with a name: 1953-
670 ## - SOURCE DATA FOUND
- Source citation: Work cat.: (NUST)0: A history of everyday life in twentieth century Scotland /, c2010.
